Seguimiento y evaluación de la perfomance de un genotipo de girasol CL implantado bajo riego : efecto de la densidad /

Guardado en:
Autor Principal: Boonstra, Sebastián.
Autor Corporativo: Universidad Nacional del Sur. Departamento de Agronomía.
Otros Autores: Pellegrini, Cecilia N., (tutor.)
Formato: Libro
Idioma:Spanish
Publicado: Bahía Blanca, 2017.
Etiquetas: Agregar Etiqueta
Sin Etiquetas, Sea el primero en etiquetar este registro!
LEADER 00793nam a22001815a 4500
001 EEA.libagro010879
005 20181010081137.0
008 170815s2017####ag############000#0#spa#d
041 1 |a spa 
082 0 4 |a 633.85 
100 1 |a Boonstra, Sebastián. 
245 1 0 |a Seguimiento y evaluación de la perfomance de un genotipo de girasol CL implantado bajo riego :  |b efecto de la densidad /  |c Sebastián Boonstra. 
260 |a Bahía Blanca,  |c 2017. 
300 |a 34 h. :  |b il. col., fot. col. ;  |c 30 cm. 
500 |a Trabajo de intensificación (Ingeniero Agrónomo) -- Universidad Nacional del Sur. Departamento de Agronomía, 2017. 
700 1 |a Pellegrini, Cecilia N.,  |e tutor. 
710 2 |a Universidad Nacional del Sur.  |b Departamento de Agronomía. 
859 |a AR-BbBCA  |b BIB. AGRONOMIA  |h 633.85  |i B724  |p 2017/6810